| 000 | 01292nam a2200289Ia 4500 | ||
|---|---|---|---|
| 001 | 19888 | ||
| 003 | DO-CoUTE | ||
| 005 | 20260204212512.0 | ||
| 008 | 220102s9999 dr 000 0 spa d | ||
| 040 |
_aDO-CoUTE _bspa _cDO-CoUTE |
||
| 041 | 0 | _aspa | |
| 090 | _aEDU-BA 2019 C17 | ||
| 100 | 1 |
_aMoreta Castillo, Sandra _esustentante |
|
| 245 | 1 | 0 | _aDominio de las competencias de los docentes del segundo ciclo del nivel primario / Sandra Moreta Castillo, Inocencio Antonio Díaz Espino, Cándida Indiana Santos Regalado. ; asesor Flora Rosa De La Rosa Cruz |
| 260 |
_aCotuí, República Dominicana : _bUTECO, _c2019 |
||
| 300 |
_a88 hojas : _bIlustraciones ; _c28cm. |
||
| 502 | _aTrabajo de grado (Licenciatura en Educación, Mención Básica)--Universidad Tecnológica del Cibao Oriental, 2019 | ||
| 504 | _aIncluye referencia bibliográfica e índice | ||
| 650 | 4 | _aDominio de las competencias de los docentes | |
| 700 | 1 |
_aDíaz Espino, Inocencio Antonio _esustentante |
|
| 700 | 1 |
_aSantos Regalado, Cándida Indiana _esustentante |
|
| 700 | 1 |
_a De La Rosa Cruz, Flora Rosa _e asesor |
|
| 830 | 0 | _aTesis y disertaciones académicas (Universidad Tecnológica del Cibao Oriental) | |
| 942 |
_2LC _cTH |
||
| 999 |
_c19788 _d19788 |
||